|
|
|
|
| LEADER |
00000nab a2200000 a 4500 |
| 001 |
vtls000291666 |
| 003 |
SK-MaSNL |
| 005 |
20260304060602.0 |
| 008 |
250422c19861987xo 0 slo |
| 015 |
|
|
|a SNBRB19rr/mm-uuuuu
|
| 035 |
|
|
|a CL0301785
|
| 035 |
|
|
|a urn:nbn:sk:snk-abbhcm
|
| 035 |
|
|
|a (urnnbn)urn:nbn:sk:snk:ar-002ko0
|
| 035 |
|
|
|a (uuid)39733a59-515a-42ab-bb82-95524cfbcc2e
|
| 040 |
|
|
|a SNKBUCL
|b slo
|c SNKBUCL
|e AACR2
|
| 041 |
0 |
|
|a cze
|
| 044 |
|
|
|a xo
|c SK
|
| 080 |
|
|
|a 371.7-053.4
|2 1981
|
| 100 |
1 |
|
|a Dvořáková, Hana
|4 aut
|9 285037
|
| 245 |
1 |
0 |
|a Zdravotní cviky v Programu výchovné práce (5)
|b Cviky pro zvyšování pohyblivosti páteře, protažení zádových svalů a svalů zadní strany nohou
|c Hana Dvořáková
|
| 300 |
|
|
|b br. 28.
|
| 650 |
0 |
7 |
|a deti predškolského veku
|2 snkbucl
|9 4103
|
| 650 |
0 |
7 |
|a cviky zdravotné
|2 snkbucl
|9 1344041
|
| 655 |
|
7 |
|a články z novín a časopisov
|2 snkbucl
|9 267496
|
| 773 |
0 |
|
|t Predškolská výchova
|g Roč. 41, č. 12 (1986/1987), s. 7-10
|
| 850 |
|
|
|a Slovenská národná knižnica
|
| 852 |
|
|
|a Slovenská národná knižnica
|
| 958 |
|
|
|a article15
|
| 958 |
|
|
|a RK
|
| 958 |
|
|
|a OND
|
| 958 |
|
|
|a EUIPO
|
| 992 |
|
|
|a RBX
|
| 999 |
|
|
|c 2729113
|d 2731043
|